合併した県庁所在地(サドンデス) - Statistics

General Stats
  • This quiz has been taken 414 times
  • The average score is 12 of 33
Answers on the Grid
Answers color-coded by a green-red scale on the quiz's grid according to % correct below.
札幌市
青森市
盛岡市
仙台市
秋田市
山形市
福島市
水戸市
宇都宮市
前橋市
さいたま市
千葉市
新宿区
横浜市
新潟市
富山市
金沢市
福井市
甲府市
長野市
岐阜市
静岡市
名古屋市
津市
大津市
京都市
大阪市
神戸市
奈良市
和歌山市
鳥取市
松江市
岡山市
広島市
山口市
徳島市
高松市
松山市
高知市
福岡市
佐賀市
長崎市
熊本市
大分市
宮崎市
鹿児島市
那覇市
 
Answer Stats
Answer % Correct
さいたま市
80%
新潟市
55%
静岡市
53%
富山市
52%
青森市
47%
山口市
45%
津市
43%
盛岡市
41%
岡山市
40%
秋田市
38%
長野市
38%
鹿児島市
37%
前橋市
35%
甲府市
35%
京都市
35%
鳥取市
35%
熊本市
35%
松江市
34%
大津市
32%
佐賀市
32%
長崎市
32%
福井市
31%
大分市
31%
宮崎市
31%
宇都宮市
30%
広島市
30%
高松市
30%
福島市
29%
奈良市
29%
松山市
29%
水戸市
24%
高知市
22%
岐阜市
20%
No matching quizzes found
Score Distribution
Percent of People with Each Score
Percentile by Number Answered
Your Score History
You have not taken this quiz